[Event "Moscow op-A 18th"]
[Site "Moscow"]
[Date "2022.07.17"]
[Round "5"]
[White "Krasikov, Vladislav"]
[Black "Lobanov, Sergei"]
[Result "0-1"]
[WhiteElo "2255"]
[BlackElo "2532"]
[PlyCount "108"]
[EventDate "2022.07.14"]
[EventType "swiss"]
[EventRounds "9"]
[EventCountry "RUS"]
[SourceTitle "CBM 209 Extra"]
[Source "ChessBase"]
[SourceDate "2022.09.30"]
[SourceVersion "1"]
[SourceVersionDate "2022.09.30"]
[SourceQuality "1"]

1. e4 c5 2. Nf3 Nc6 3. d4 cxd4 4. Nxd4 Nf6 5. Nc3 d6 6. Bg5 e6 7. Qd2 a6 8. 0-0-0 Bd7 9. f4 b5 10. Bxf6 gxf6 11. f5 Qb6 12. fxe6 fxe6 13. Qf4 Nxd4 14. Qxf6 Rg8 15. Qxd4 Bh6+ 16. Kb1 Qxd4 17. Rxd4 Bf4 18. Rd1 Be5 19. g3 Ke7 20. Bd3 h5 21. Ne2 Rg4 22. Rhf1 Bc6 23. h3 Rg5 24. Rf3 Rag8 25. Rdf1 R8g7 26. Rg1 d5 27. exd5 Bxd5 28. Re3 Bc7 29. Nd4 Bb6 30. c3 Kd6 31. h4 Rg4 32. Rge1 Bxd4 33. cxd4 Rxg3 34. Kc2 Rxe3 35. Rxe3 Rg4 36. Rh3 Bg2 37. Rh2 Be4 38. Bxe4 Rxe4 39. Kc3 Rg4 40. Re2 Rxh4 41. Re5 Rh3+ 42. Kc2 h4 43. Rh5 Rh1 44. Kb3 h3 45. Kb4 Rd1 46. Kc3 Rc1+ 47. Kd2 Rh1 48. Kc3 a5 49. a3 h2 50. Kc2 a4 51. Rh3 Kd5 52. Rh4 Kc4 53. b3+ axb3+ 54. Kb2 Kd3 0-1

[Event "Moscow op-A 18th"]
[Site "Moscow"]
[Date "2022.07.15"]
[Round "3"]
[White "Krasikov, Vladislav"]
[Black "Vorobiov, Evgeny E"]
[Result "0-1"]
[WhiteElo "2255"]
[BlackElo "2457"]
[PlyCount "84"]
[EventDate "2022.07.14"]
[EventType "swiss"]
[EventRounds "9"]
[EventCountry "RUS"]
[SourceTitle "CBM 209 Extra"]
[Source "ChessBase"]
[SourceDate "2022.09.30"]
[SourceVersion "1"]
[SourceVersionDate "2022.09.30"]
[SourceQuality "1"]

1. e4 c5 2. Nf3 Nc6 3. c3 Nf6 4. e5 Nd5 5. d4 cxd4 6. Bc4 Nb6 7. Bb3 d5 8. exd6 Qxd6 9. 0-0 Bf5 10. cxd4 Bxb1 11. Rxb1 e6 12. Qe2 Be7 13. Rd1 0-0 14. Qe4 Nd5 15. Bg5 Bxg5 16. Nxg5 Nf6 17. Qh4 Ne7 18. Bc2 Nf5 19. Qh3 h6 20. Ne4 Nxe4 21. Bxe4 Nxd4 22. Bxb7 Rab8 23. Qe3 Rfd8 24. Be4 Qb6 25. b3 Rd6 26. Bd3 Rbd8 27. Bc4 Qa5 28. b4 Qc7 29. Rdc1 Rc6 30. Bf1 Nc2 31. Qg3 Qxg3 32. hxg3 Nxb4 33. Rxc6 Nxc6 34. Rb7 Rd1 35. Rc7 Nd4 36. f3 Nf5 37. Kf2 Rd2+ 38. Ke1 Rxa2 39. Rc8+ Kh7 40. Bd3 g6 41. Rc7 Kg7 42. Bc4 Rc2 0-1

[Event "Moscow Aeroflot op-B"]
[Site "Moscow"]
[Date "2020.02.21"]
[Round "3"]
[White "Skatchkov, Valery"]
[Black "Krasikov, Vladislav"]
[Result "0-1"]
[WhiteElo "2293"]
[BlackElo "2194"]
[PlyCount "56"]
[EventDate "2020.02.19"]
[EventType "swiss"]
[EventRounds "9"]
[EventCountry "RUS"]
[SourceTitle "CBM 195"]
[Source "ChessBase"]
[SourceDate "2020.04.30"]
[SourceVersion "1"]
[SourceVersionDate "2020.04.30"]
[SourceQuality "1"]

1. Nf3 c5 2. c4 Nc6 3. Nc3 g6 4. e3 Nf6 5. d4 cxd4 6. exd4 d5 7. cxd5 Nxd5 8. Qb3 Nxc3 9. bxc3 Bg7 10. Be2 0-0 11. Ba3 Be6 12. Qxb7 Qa5 13. Bb4 Nxb4 14. Qxb4 Qxb4 15. cxb4 Rac8 16. 0-0 Rc2 17. Bd3 Rc3 18. Be4 f5 19. Ng5 Bc4 20. Rfc1 Rxc1+ 21. Rxc1 Bxa2 22. Rc2 Bb3 23. Rc3 fxe4 24. Rxb3 Bxd4 25. Nxe4 Rf4 26. Ng5 Rxf2 27. Ne6 Bb6 28. Nc5 Rf4 0-1

[Event "Moscow op-A 16th"]
[Site "Moscow"]
[Date "2020.01.31"]
[Round "7"]
[White "Krasikov, Vladislav"]
[Black "Harutjunyan, Gevorg"]
[Result "1-0"]
[WhiteElo "2194"]
[BlackElo "2444"]
[PlyCount "76"]
[EventDate "2020.01.25"]
[EventType "swiss"]
[EventRounds "9"]
[EventCountry "RUS"]
[SourceTitle "CBM 194 Extra"]
[Source "ChessBase"]
[SourceDate "2020.03.31"]
[SourceVersion "1"]
[SourceVersionDate "2020.03.31"]
[SourceQuality "1"]

1. d4 d5 2. c4 Nc6 3. Nf3 Bg4 4. Nc3 e6 5. cxd5 exd5 6. g3 Qd7 7. Bg2 0-0-0 8. h3 Bf5 9. Bf4 f6 10. Rc1 g5 11. Be3 Bb4 12. h4 g4 13. Nd2 Nge7 14. a3 Bxc3 15. Rxc3 Be4 16. Nxe4 dxe4 17. Bxe4 Nd5 18. Qc2 Nce7 19. Rb3 f5 20. Bg2 Qe6 21. Bg5 Nc6 22. Bxd8 Rxd8 23. Qd3 a6 24. 0-0 Na5 25. Bxd5 Rxd5 26. Rc3 Nc6 27. Rc5 Qd6 28. Rxd5 Qxd5 29. Rc1 Kb8 30. Rc5 Qa2 31. d5 Ne5 32. Qxf5 Qa1+ 33. Kg2 Qxb2 34. Qf8+ Ka7 35. Rxc7 Qd4 36. Qc5+ Qxc5 37. Rxc5 Kb6 38. Rc8 Nd7 1-0

[Event "Moscow op-A 16th"]
[Site "Moscow"]
[Date "2020.01.26"]
[Round "2"]
[White "Koryakov, Sergey"]
[Black "Krasikov, Vladislav"]
[Result "1-0"]
[WhiteElo "1942"]
[BlackElo "2194"]
[PlyCount "90"]
[EventDate "2020.01.25"]
[EventType "swiss"]
[EventRounds "9"]
[EventCountry "RUS"]
[SourceTitle "CBM 194 Extra"]
[Source "ChessBase"]
[SourceDate "2020.03.31"]
[SourceVersion "1"]
[SourceVersionDate "2020.03.31"]
[SourceQuality "1"]

1. e4 c5 2. c3 d5 3. exd5 Qxd5 4. Nf3 Nf6 5. d4 Bg4 6. Be2 e6 7. 0-0 Nc6 8. h3 Bh5 9. Be3 cxd4 10. cxd4 Be7 11. Nc3 Qd6 12. a3 0-0 13. Qb3 Rfd8 14. Rfd1 Nd5 15. Ne4 Qc7 16. Rac1 Rac8 17. Nc5 b6 18. Ne4 Nf4 19. Bxf4 Qxf4 20. Qe3 Qb8 21. Rxc6 Rxc6 22. Ne5 Qxe5 23. dxe5 Rxd1+ 24. Bxd1 Bxd1 25. Qd2 Bh5 26. Qd7 Rc1+ 27. Kh2 Bf8 28. Qxa7 b5 29. Qb7 Bg6 30. Nd6 Rc5 31. f4 Rc2 32. Qxb5 h5 33. Qb7 Re2 34. Qb8 h4 35. a4 Bh5 36. Kg1 g5 37. a5 gxf4 38. a6 f3 39. gxf3 Bxf3 40. a7 Rxe5 41. a8Q Bxa8 42. Qxa8 Kg7 43. Ne8+ Kg6 44. Kf1 Bc5 45. Qd8 Rg5 1-0

[Event "Eurasia Cup op"]
[Site "Ekaterinburg"]
[Date "2019.08.01"]
[Round "2"]
[White "Krasikov, Vladislav"]
[Black "Kharitonov, Egor1111"]
[Result "1-0"]
[WhiteElo "2211"]
[BlackElo "2004"]
[PlyCount "69"]
[EventDate "2019.07.31"]
[EventType "swiss"]
[EventRounds "9"]
[EventCountry "RUS"]
[SourceTitle "CBM 191 Extra"]
[Source "ChessBase"]
[SourceDate "2019.09.30"]
[SourceVersion "1"]
[SourceVersionDate "2019.09.30"]
[SourceQuality "1"]

1. e4 c5 2. Nf3 e6 3. d4 cxd4 4. Nxd4 a6 5. c4 Nf6 6. Nc3 Bb4 7. Qd3 Qc7 8. a3 Be7 9. Be2 b6 10. 0-0 Bb7 11. Be3 d6 12. f3 Nbd7 13. Rfc1 0-0 14. Qd2 Rfe8 15. a4 Rad8 16. a5 bxa5 17. Nb3 a4 18. Nxa4 Qb8 19. Na5 Ba8 20. Bd4 Ne5 21. Ra3 Nfd7 22. Qc3 Bf6 23. b4 Qc7 24. Nb3 Rc8 25. c5 Bb7 26. Ra2 Qb8 27. Qa1 Nc6 28. Bxf6 Nxf6 29. cxd6 Qxd6 30. Nac5 Nxb4 31. e5 Qb6 32. exf6 Nxa2 33. Qxa2 Rc7 34. Qd2 Bd5 35. Qg5 1-0

[Event "Moscow op-A 15th"]
[Site "Moscow"]
[Date "2019.02.01"]
[Round "7"]
[White "Bykov, Oleg1111"]
[Black "Krasikov, Vladislav"]
[Result "1-0"]
[WhiteElo "2395"]
[BlackElo "2218"]
[PlyCount "95"]
[EventDate "2019.01.26"]
[EventType "swiss"]
[EventRounds "9"]
[EventCountry "RUS"]
[SourceTitle "CBM 188 Extra"]
[Source "ChessBase"]
[SourceDate "2019.02.26"]
[SourceVersion "1"]
[SourceVersionDate "2019.02.26"]
[SourceQuality "1"]

1. d4 Nf6 2. c4 g6 3. f3 Bg7 4. e4 d6 5. Nc3 e5 6. d5 Nh5 7. Be3 f5 8. Nge2 f4 9. Bf2 Bf6 10. c5 dxc5 11. Bxc5 Bh4+ 12. Kd2 Nd7 13. Ba3 Be7 14. Qb3 Bxa3 15. Qxa3 Nb6 16. Qc5 Nf6 17. Nc1 c6 18. Bd3 Nbd7 19. Qd6 Qe7 20. Qxe7+ Kxe7 21. dxc6 bxc6 22. Nb3 Rb8 23. Rac1 Rd8 24. Kc2 Nf8 25. Rhd1 Ne6 26. Bc4 g5 27. Na5 Rd6 28. Na4 Bd7 29. Bxe6 Kxe6 30. Rxd6+ Kxd6 31. Rd1+ Kc7 32. Nc5 Re8 33. a4 g4 34. b4 Bc8 35. Nc4 gxf3 36. gxf3 Nd7 37. Rg1 Nxc5 38. bxc5 h6 39. Rg7+ Bd7 40. Rg6 Bh3 41. Rxh6 Bg2 42. Rh7+ Kd8 43. Rxa7 Bxf3 44. Ra8+ Kd7 45. Rxe8 Kxe8 46. Kd3 Bd1 47. a5 f3 48. Ke3 1-0

[Event "Moscow op-A 15th"]
[Site "Moscow"]
[Date "2019.01.30"]
[Round "5"]
[White "Suleymenov, Alisher"]
[Black "Krasikov, Vladislav"]
[Result "1-0"]
[WhiteElo "2404"]
[BlackElo "2218"]
[PlyCount "77"]
[EventDate "2019.01.26"]
[EventType "swiss"]
[EventRounds "9"]
[EventCountry "RUS"]
[SourceTitle "CBM 188 Extra"]
[Source "ChessBase"]
[SourceDate "2019.02.26"]
[SourceVersion "1"]
[SourceVersionDate "2019.02.26"]
[SourceQuality "1"]

1. d4 d5 2. c4 c6 3. Nf3 Nf6 4. Nbd2 g6 5. e3 Bg7 6. Bd3 0-0 7. 0-0 Nbd7 8. h3 c5 9. b3 cxd4 10. exd4 Nh5 11. Bb2 Nf4 12. Bc2 b6 13. Re1 Bb7 14. Nf1 Ne6 15. N1h2 Rc8 16. Bd3 Qc7 17. Bf1 Rfe8 18. Rc1 Qb8 19. Rc2 Rcd8 20. Qa1 Qa8 21. Ng4 h6 22. c5 Rc8 23. b4 a6 24. Qc1 Kh7 25. Bd3 Bc6 26. Rce2 Ndf8 27. Nfe5 Nd8 28. Qf4 Nfe6 29. Qg3 Ng5 30. Qh4 Bb5 31. Bxb5 axb5 32. Nxh6 Bxh6 33. Ng4 Nde6 34. Qxh6+ Kg8 35. Rxe6 Nxe6 36. Rxe6 fxe6 37. Qxg6+ Kh8 38. Bc1 Qxa2 39. Bf4 1-0

[Event "Moscow op-A 15th"]
[Site "Moscow"]
[Date "2019.01.29"]
[Round "4"]
[White "Krasikov, Vladislav"]
[Black "Tsoi, Dmitry"]
[Result "1/2-1/2"]
[WhiteElo "2218"]
[BlackElo "2392"]
[PlyCount "129"]
[EventDate "2019.01.26"]
[EventType "swiss"]
[EventRounds "9"]
[EventCountry "RUS"]
[SourceTitle "CBM 188 Extra"]
[Source "ChessBase"]
[SourceDate "2019.02.26"]
[SourceVersion "1"]
[SourceVersionDate "2019.02.26"]
[SourceQuality "1"]

1. e4 e5 2. Nf3 d6 3. d4 exd4 4. Qxd4 Nc6 5. Bb5 Bd7 6. Bxc6 Bxc6 7. Bg5 Qd7 8. Nc3 h6 9. Be3 Be7 10. Qd3 Nf6 11. 0-0-0 0-0 12. h3 Rfb8 13. Nd4 b5 14. Nf5 b4 15. Nd5 Bxd5 16. exd5 Bf8 17. Bd4 Qd8 18. Qf3 Nd7 19. h4 g6 20. Rh3 h5 21. Rg3 Nf6 22. Nxd6 Bh6+ 23. Kb1 Qxd6 24. Qxf6 Qxf6 25. Bxf6 Re8 26. a3 a5 27. Rgd3 Bf8 28. a4 Re2 29. R1d2 Rae8 30. Bg5 Bd6 31. Be3 Re1+ 32. Rd1 Rxd1+ 33. Rxd1 f5 34. Rd4 Re5 35. Bf4 Re1+ 36. Ka2 Re2 37. Rd2 Re4 38. Bxd6 cxd6 39. g3 f4 40. Rd3 Re2 41. Rf3 Rxc2 42. Rxf4 Kg7 43. Kb3 Rc5 44. Rc4 Rxd5 45. Rc8 Kf6 46. Kc4 Rd2 47. Kb5 Rxb2 48. Kxa5 b3 49. Rc3 Ke5 50. Kb4 Rxf2 51. Rxb3 d5 52. a5 d4 53. a6 Rf8 54. Kc4 Ke4 55. Rb6 Rc8+ 56. Kb5 d3 57. a7 Ra8 58. Ka6 d2 59. Rd6 Ke3 60. Kb7 Re8 61. a8Q Rxa8 62. Kxa8 Ke2 63. Re6+ Kf3 64. Rd6 Kxg3 65. Rxg6+ 1/2-1/2

[Event "Moscow op-A 13th"]
[Site "Moscow"]
[Date "2017.02.03"]
[Round "7"]
[White "Tran, Minh Thang"]
[Black "Krasikov, Vladislav"]
[Result "1-0"]
[WhiteElo "2399"]
[BlackElo "2311"]
[PlyCount "67"]
[EventDate "2017.01.28"]
[EventType "swiss"]
[EventRounds "9"]
[EventCountry "RUS"]
[SourceTitle "EXT 2018"]
[Source "ChessBase"]
[SourceDate "2017.10.13"]
[SourceVersion "1"]
[SourceVersionDate "2017.10.13"]
[SourceQuality "1"]

1. d4 Nf6 2. c4 c6 3. Nf3 d5 4. e3 Bg4 5. Qb3 Qb6 6. Ne5 Bh5 7. Nc3 e6 8. c5 Qc7 9. Qc2 Bg6 10. Nxg6 hxg6 11. h3 b6 12. b4 a5 13. cxb6 Qxb6 14. b5 Bb4 15. Bd2 Bxc3 16. Qxc3 Ne4 17. Qc2 Nxd2 18. Kxd2 0-0 19. Rb1 cxb5 20. Bxb5 e5 21. dxe5 d4 22. e4 d3 23. Kxd3 Na6 24. Ke2 Nb4 25. Bd3 Qd4 26. Qb3 Rac8 27. Rhc1 Rcd8 28. Rd1 Qxe5 29. f3 Nc6 30. Kf2 Qc5+ 31. Kf1 Nd4 32. Qb6 Qc3 33. Rbc1 Qa3 34. Bc4 1-0

[Event "Moscow op-A 13th"]
[Site "Moscow"]
[Date "2017.02.01"]
[Round "5"]
[White "Papazian, Eduard"]
[Black "Krasikov, Vladislav"]
[Result "0-1"]
[WhiteElo "2192"]
[BlackElo "2311"]
[PlyCount "88"]
[EventDate "2017.01.28"]
[EventType "swiss"]
[EventRounds "9"]
[EventCountry "RUS"]
[SourceTitle "EXT 2018"]
[Source "ChessBase"]
[SourceDate "2017.10.13"]
[SourceVersion "1"]
[SourceVersionDate "2017.10.13"]
[SourceQuality "1"]

1. d4 d5 2. c4 c6 3. Nc3 Nf6 4. Nf3 dxc4 5. a4 Bf5 6. e3 e6 7. Bxc4 Bb4 8. 0-0 0-0 9. Qe2 Bg6 10. Ne5 Nbd7 11. Nxg6 hxg6 12. Na2 Bd6 13. e4 e5 14. f4 exd4 15. e5 Bc5 16. Qf3 Nb6 17. Bd3 Nfd7 18. b4 Be7 19. a5 Nd5 20. Bb2 Ne3 21. Bxd4 Nxf1 22. Rxf1 c5 23. Bb2 cxb4 24. e6 fxe6 25. Qg4 Rf5 26. Qxg6 Bf6 27. Bc4 Rd5 28. Qg4 Nc5 29. Bxd5 exd5 30. Be5 b3 31. Nc3 Qd7 32. Qxd7 Nxd7 33. Nxd5 Nxe5 34. Nxf6+ gxf6 35. fxe5 Rc8 36. Rb1 Rc3 37. exf6 Kf7 38. h4 Kxf6 39. Kh2 Kf5 40. Rd1 Rc5 41. Rb1 Rb5 42. Kh3 b2 43. g4+ Kg6 44. Kg3 a6 0-1

[Event "Moscow op-A 13th"]
[Site "Moscow"]
[Date "2017.01.29"]
[Round "2"]
[White "Krasikov, Vladislav"]
[Black "Kamsky, Gata"]
[Result "0-1"]
[WhiteElo "2311"]
[BlackElo "2666"]
[PlyCount "72"]
[EventDate "2017.01.28"]
[EventType "swiss"]
[EventRounds "9"]
[EventCountry "RUS"]
[SourceTitle "EXT 2018"]
[Source "ChessBase"]
[SourceDate "2017.10.13"]
[SourceVersion "1"]
[SourceVersionDate "2017.10.13"]
[SourceQuality "1"]

1. d4 Nf6 2. c4 e6 3. Nc3 Bb4 4. Qc2 c5 5. dxc5 Qc7 6. Nf3 a6 7. Bg5 Bxc5 8. e3 Be7 9. Be2 d6 10. 0-0 Nbd7 11. Rfc1 b6 12. a4 Bb7 13. a5 bxa5 14. Qa4 h6 15. Bh4 0-0 16. Qxa5 Qxa5 17. Rxa5 g5 18. Bg3 Nh5 19. Nd2 Nxg3 20. hxg3 Rfc8 21. Rca1 Rab8 22. R1a2 Ne5 23. R5a4 Kf8 24. f4 Nd7 25. Kf1 f5 26. Bf3 Nc5 27. R4a3 Bxf3 28. gxf3 gxf4 29. exf4 Nd3 30. Nd5 exd5 31. Rxd3 dxc4 32. Rd4 Rb4 33. Rxa6 d5 34. Rxd5 Rxb2 35. Rxf5+ Ke8 36. Nxc4 Rxc4 0-1

[Event "Moscow op-A 13th"]
[Site "Moscow"]
[Date "2017.01.28"]
[Round "1"]
[White "Goganov, Aleksey"]
[Black "Krasikov, Vladislav"]
[Result "1/2-1/2"]
[WhiteElo "2639"]
[BlackElo "2311"]
[PlyCount "157"]
[EventDate "2017.01.28"]
[EventType "swiss"]
[EventRounds "9"]
[EventCountry "RUS"]
[SourceTitle "CBM 176 Extra"]
[Source "ChessBase"]
[SourceDate "2017.03.02"]
[SourceVersion "1"]
[SourceVersionDate "2017.03.02"]
[SourceQuality "1"]

1. d4 Nf6 2. c4 c5 3. d5 b5 4. cxb5 a6 5. bxa6 g6 6. Nc3 Bg7 7. e4 0-0 8. Nf3 Qa5 9. Bd2 Bxa6 10. Be2 Qb4 11. 0-0 Nxe4 12. a3 Nxc3 13. Bxc3 Qb7 14. Bxg7 Kxg7 15. Rb1 Re8 16. Re1 Qa7 17. Qd2 d6 18. Bxa6 Qxa6 19. Re4 Nd7 20. Rh4 Nf6 21. Qh6+ Kg8 22. Ng5 Qd3 23. Rf1 Qd2 24. f4 Reb8 25. Kh1 Rxb2 26. Rg1 Qd4 27. f5 Qd2 28. fxg6 fxg6 29. h3 Rxa3 30. Rg4 Rb4 31. Rxb4 cxb4 32. Qh4 b3 33. Ne4 Qd4 34. Nxf6+ Qxf6 35. Qb4 Ra1 36. Qxb3 Rxg1+ 37. Kxg1 Qd4+ 38. Kh1 Kg7 39. Qf3 Qa1+ 40. Kh2 Qf6 41. Qd3 h5 42. Kg1 h4 43. Qe4 g5 44. Qd3 Qf4 45. Qc3+ Qe5 46. Qf3 Qd4+ 47. Kh1 Qe5 48. Qd3 Kf6 49. Qf3+ Qf4 50. Qe2 Qe5 51. Qf3+ Kg6 52. Qf8 Qf6 53. Qe8+ Kf5 54. Qc8+ Ke5 55. Qb7 Ke4 56. Kg1 Qd4+ 57. Kh1 Qa1+ 58. Kh2 Qe5+ 59. Kg1 Qxd5 60. Qxe7+ Kd3 61. Kh1 Qe5 62. Qb7 d5 63. Qb3+ Kd2 64. Qa2+ Ke3 65. Qb3+ Kf2 66. Qc2+ Ke3 67. Qb3+ Kd2 68. Qa2+ Kc1 69. Qa3+ Kb1 70. Qb3+ Kc1 71. Qa3+ Kc2 72. Qa2+ Kd3 73. Qb3+ Ke4 74. Qc2+ Ke3 75. Qb3+ Kf2 76. Qc2+ Ke1 77. Qc1+ Ke2 78. Qc2+ Ke3 79. Qb3+ 1/2-1/2

[Event "Voronezh op-A 20th"]
[Site "Voronezh"]
[Date "2016.06.16"]
[Round "5"]
[White "Krasikov, Vladislav"]
[Black "Geshko, Aleksey"]
[Result "1-0"]
[WhiteElo "2259"]
[BlackElo "2057"]
[PlyCount "81"]
[EventDate "2016.06.12"]
[EventType "swiss"]
[EventRounds "9"]
[EventCountry "RUS"]
[SourceTitle "EXT 2019"]
[Source "ChessBase"]
[SourceDate "2018.10.10"]
[SourceVersion "1"]
[SourceVersionDate "2018.10.10"]
[SourceQuality "1"]

1. e4 c5 2. f4 d5 3. exd5 Qxd5 4. Nc3 Qd8 5. Nf3 Nf6 6. Ne5 a6 7. Qf3 e6 8. b3 Qc7 9. Bb2 Nbd7 10. 0-0-0 Bd6 11. Ne4 Nxe4 12. Qxe4 Nf6 13. Qf3 0-0 14. Bd3 Rb8 15. Qh3 h6 16. Rdf1 Nd5 17. Qg3 f6 18. Qg6 f5 19. g3 b5 20. Ng4 c4 21. Nxh6+ Kh8 22. Be2 c3 23. dxc3 Rf6 24. Qe8+ Rf8 25. Qh5 Nf6 26. Qh4 gxh6 27. c4 Qg7 28. h3 Bb7 29. Rh2 e5 30. fxe5 Be7 31. exf6 Bxf6 32. Bxf6 Rxf6 33. Qd4 Rbf8 34. Rhf2 bxc4 35. Bxc4 a5 36. Kb1 a4 37. g4 axb3 38. axb3 f4 39. Rxf4 Rxf4 40. Rxf4 Rxf4 41. Qxf4 1-0